Základní
MARC
Záznam Personal Name
Počet záznamů používajících tuto autoritu: 1
001 - CONTROL NUMBER
- control field: 20623
003 - CONTROL NUMBER IDENTIFIER
- control field: ABG508
005 - DATE AND TIME OF LATEST TRANSACTION
- control field: 20260415085821.0
008 - FIXED-LENGTH DATA ELEMENTS
- fixed length control field: 260415|| aca||aabn | a|a d
040 ## - CATALOGING SOURCE
- Original cataloging agency: ABG508
- Transcribing agency: ABG508
100 ## - HEADING--PERSONAL NAME
- Personal name: Lottes, Josef,
- Dates associated with a name: 1952-
670 ## - SOURCE DATA FOUND
- Source citation: Work cat.: (ABG508)34160: Lottes, Josef, 1952- aut 20622, Ne každý vrah je zrůda /